| 000 | 01195 a2200217 4500 | ||
|---|---|---|---|
| 001 | 45774 | ||
| 005 | 20260407155729.0 | ||
| 008 | 260407a1977 arg spa d | ||
| 003 | AR-UNSa-BCEJYS | ||
| 040 |
_aAR-UNSa-BCEJYS _bspa _cAR-UNSa-BCEJYS |
||
| 080 |
_a330 _xEconomía en general |
||
| 245 | 1 | 0 | _aEconomía clásica actual |
| 264 | 1 |
_aBuenos Aires : _bEdiciones Macchi _c1977 |
|
| 300 |
_a148 p. _c23 cm. |
||
| 505 | _aPrimera Parte : 1. Inflación y estructura económica – 2. Monetarismo vs. Estructuralismo – 3. La reforma monetaria internacional - - Segunda Parte : 1. Crecimiento económico y seguridad jurídica – 2. La teoría alberdiana de la crisis – 3. Teoría económica y desarrollo industrial – 4. Los informes al Club de Roma – 5. La contribución científica de Adam Smith - - Tercera Parte : 1. Aspectos económicos de la educación – 2. Desarrollo económico y progreso económico – 3. Teoría económica y sistema cooperativo. | ||
| 041 | _aspa | ||
| 942 | _cBK | ||
| 590 | _aniveau_biblio:m niveau_hierar:0 | ||
| 100 | 1 | _aOlivera, Julio H.G. | |
| 856 | 4 | 1 |
_uhttps://www.biblioeco.unsa.edu.ar/pmb/images/libros/L127176.jpg _yImagen de portada _qimage/jpeg |
| 999 |
_c3994 _d3994 |
||